LIBRARY & INFORMATION CENTRE, KCAET, TAVANUR

ONLINE PUBLIC ACCESS CATALOGUE (OPAC)

Fundamentals of Engineering Geology (Record no. 19029)

MARC details
000 -LEADER
fixed length control field 00355nam a22001457a 4500
003 - CONTROL NUMBER IDENTIFIER
control field OSt
008 - FIXED-LENGTH DATA ELEMENTS--GENERAL INFORMATION
fixed length control field 250115b |||||||| |||| 00| 0 eng d
041 ## - LANGUAGE CODE
Language code of text/sound track or separate title eng
082 ## - DEWEY DECIMAL CLASSIFICATION NUMBER
Classification number 551.0162
Item number KUR/FU
100 ## - MAIN ENTRY--AUTHOR NAME
Personal name Kurmi, RS
245 ## - TITLE STATEMENT
Title Fundamentals of Engineering Geology
250 ## - EDITION STATEMENT
Edition statement 4th
260 ## - PUBLICATION, DISTRIBUTION, ETC. (IMPRINT)
Place of publication New Delhi:
Name of publisher Dhanpat Rai& Sons,
Year of publication 1984.
942 ## - ADDED ENTRY ELEMENTS (KOHA)
Koha item type Books
Holdings
Withdrawn status Lost status Damaged status Home library Current library Date acquired Source of acquisition Cost, normal purchase price Full call number Accession Number Koha item type
Withdrawn     KAUAET KAUAET 15/01/2025 Standard Book House, Thrissur. 17.50 551.0162 KUR/FU 15331 Books
free website counter